Empower B1+: Pre-Intermediate Student's Book with eBook.

Guardat en:
Dades bibliogràfiques
Autors principals: Doff, Adrian (Autor), Thaine, Craig (Autor), Stranks, Jeff (Autor), Lewis-Jones, Peter (Autor)
Altres autors: Puchta, Herbert (autor)
Format: Llibre
Publicat: Cambridge, United Kingdom: Cambridge University Press, 2022.
Edició:Second edition.
Matèries:
Etiquetes: Afegir etiqueta
Sense etiquetes, Sigues el primer a etiquetar aquest registre!

MARC

LEADER 00000cam a2200000 a 4500
001 UCC0467
003 CL-VaPUC
005 20250312142219.0
008 240507t2022 ||||| |||| 00| 0 eng d
999 |c 443742  |d 443740 
020 |a 978-1-108-95956-8 
040 |c Pontificia Universidad Católica de Valparaíso 
082 0 4 |a 428 DOFp 2022  |2 21 
100 0 |a Doff, Adrian  |e author  |9 594431 
245 1 0 |a Empower B1+: Pre-Intermediate Student's Book with eBook. 
250 |a Second edition. 
260 |a Cambridge, United Kingdom:  |b Cambridge University Press,  |c 2022. 
300 |a 170 páginas :  |b ilustraciones. 
500 |a c.1-174 Entrega Programa de Inglés. Memo PILE 049/2024 
583 |k Catalogador Asistente  |c 20240507 
650 0 |a Lengua inglesa  |x Educación lingüística  |x Estudio y enseñanza  |v Libros de texto  |9 318842 
700 0 |a Thaine, Craig  |e author  |9 594432 
700 |a Puchta, Herbert  |e autor  |9 594433 
700 0 |a Stranks, Jeff  |e author  |9 594434 
700 0 |a Lewis-Jones, Peter  |e author  |9 594435 
942 |c BK  |2 ddc 
952 |0 0  |1 0  |2 ddc  |4 0  |6 428_000000000000000_DOFP_2022  |7 0  |8 A  |9 594615  |a BIBCUR  |b BIBCUR  |d 2024-05-14  |e En comodato  |i 5661158  |o 428 DOFp 2022  |p 5661158  |r 2025-04-22  |t 1  |w 2024-05-14  |y BK  |k ILC 
952 |0 0  |1 0  |2 ddc  |4 0  |6 428_000000000000000_DOFP_2022  |7 0  |8 A  |9 594616  |a BIBCUR  |b BIBCUR  |d 2024-05-14  |e En comodato  |i 5661159  |o 428 DOFp 2022  |p 5661159  |r 2025-04-22  |t 2  |w 2024-05-14  |y BK  |k ILC 
952 |0 0  |1 0  |2 ddc  |4 0  |6 428_000000000000000_DOFP_2022  |7 0  |8 A  |9 594617  |a BIBCUR  |b BIBCUR  |d 2024-05-14  |e En comodato  |i 5661160  |o 428 DOFp 2022  |p 5661160  |r 2025-04-22  |t 3  |w 2024-05-14  |y BK  |k ILC 
952 |0 0  |1 0  |2 ddc  |4 0  |6 428_000000000000000_DOFP_2022  |7 0  |8 A  |9 594618  |a BIBCUR  |b BIBCUR  |d 2024-05-14  |e En comodato  |i 5661161  |o 428 DOFp 2022  |p 5661161  |r 2025-04-22  |t 4  |w 2024-05-14  |y BK  |k ILC 
952 |0 0  |1 0  |2 ddc  |4 0  |6 428_000000000000000_DOFP_2022  |7 0  |8 A  |9 594619  |a BIBCUR  |b BIBCUR  |d 2024-05-14  |e En comodato  |i 5661162  |o 428 DOFp 2022  |p 5661162  |r 2025-04-22  |t 5  |w 2024-05-14  |y BK  |k ILC 
952 |0 0  |1 0  |2 ddc  |4 0  |6 428_000000000000000_DOFP_2022  |7 0  |8 A  |9 594620  |a BIBCUR  |b BIBCUR  |d 2024-05-14  |e En comodato  |i 5661163  |o 428 DOFp 2022  |p 5661163  |r 2025-04-22  |t 6  |w 2024-05-14  |y BK  |k ILC 
952 |0 0  |1 0  |2 ddc  |4 0  |6 428_000000000000000_DOFP_2022  |7 0  |8 A  |9 594621  |a BIBCUR  |b BIBCUR  |d 2024-05-14  |e En comodato  |i 5661164  |o 428 DOFp 2022  |p 5661164  |r 2025-04-22  |t 7  |w 2024-05-14  |y BK  |k ILC 
952 |0 0  |1 0  |2 ddc  |4 0  |6 428_000000000000000_DOFP_2022  |7 0  |8 A  |9 594622  |a BIBCUR  |b BIBCUR  |d 2024-05-14  |e En comodato  |i 5661165  |o 428 DOFp 2022  |p 5661165  |r 2025-04-22  |t 8  |w 2024-05-14  |y BK  |k ILC 
952 |0 0  |1 0  |2 ddc  |4 0  |6 428_000000000000000_DOFP_2022  |7 0  |8 A  |9 594623  |a BIBCUR  |b BIBCUR  |d 2024-05-14  |e En comodato  |i 5661166  |o 428 DOFp 2022  |p 5661166  |r 2025-04-22  |t 9  |w 2024-05-14  |y BK  |k ILC 
952 |0 0  |1 0  |2 ddc  |4 0  |6 428_000000000000000_DOFP_2022  |7 0  |8 A  |9 594624  |a BIBCUR  |b BIBCUR  |d 2024-05-14  |e En comodato  |i 5661167  |o 428 DOFp 2022  |p 5661167  |r 2025-04-22  |t 10  |w 2024-05-14  |y BK  |k ILC 
952 |0 0  |1 0  |2 ddc  |4 0  |6 428_000000000000000_DOFP_2022  |7 0  |8 A  |9 594625  |a BIBCUR  |b BIBCUR  |d 2024-05-14  |e En comodato  |i 5661168  |o 428 DOFp 2022  |p 5661168  |r 2025-04-22  |t 11  |w 2024-05-14  |y BK  |k ILC 
952 |0 0  |1 0  |2 ddc  |4 0  |6 428_000000000000000_DOFP_2022  |7 0  |8 A  |9 594626  |a BIBCUR  |b BIBCUR  |d 2024-05-14  |e En comodato  |i 5661169  |o 428 DOFp 2022  |p 5661169  |r 2025-04-22  |t 12  |w 2024-05-14  |y BK  |k ILC 
952 |0 0  |1 0  |2 ddc  |4 0  |6 428_000000000000000_DOFP_2022  |7 0  |8 A  |9 594627  |a BIBCUR  |b BIBCUR  |d 2024-05-14  |e En comodato  |i 5661170  |o 428 DOFp 2022  |p 5661170  |r 2025-04-22  |t 13  |w 2024-05-14  |y BK  |k ILC 
952 |0 0  |1 0  |2 ddc  |4 0  |6 428_000000000000000_DOFP_2022  |7 0  |8 A  |9 594628  |a BIBCUR  |b BIBCUR  |d 2024-05-14  |e En comodato  |i 5661171  |l 1  |m 1  |o 428 DOFp 2022  |p 5661171  |r 2025-04-22  |s 2025-03-11  |t 14  |w 2024-05-14  |y BK  |k ILC 
952 |0 0  |1 0  |2 ddc  |4 0  |6 428_000000000000000_DOFP_2022  |7 0  |8 A  |9 594629  |a BIBCUR  |b BIBCUR  |d 2024-05-14  |e En comodato  |i 5661172  |o 428 DOFp 2022  |p 5661172  |r 2025-04-22  |t 15  |w 2024-05-14  |y BK  |k ILC 
952 |0 0  |1 0  |2 ddc  |4 0  |6 428_000000000000000_DOFP_2022  |7 0  |8 A  |9 594630  |a BIBEDU  |b BIBEDU  |d 2024-05-14  |e En comodato  |i 5661173  |l 1  |o 428 DOFp 2022  |p 5661173  |r 2025-03-28  |s 2025-03-25  |t 16  |w 2024-05-14  |y BK  |k ILE 
952 |0 0  |1 0  |2 ddc  |4 0  |6 428_000000000000000_DOFP_2022  |7 0  |8 A  |9 594631  |a BIBEDU  |b BIBEDU  |d 2024-05-14  |e En comodato  |i 5661174  |l 3  |m 3  |o 428 DOFp 2022  |p 5661174  |r 2025-03-27  |s 2025-03-12  |t 17  |w 2024-05-14  |y BK  |k ILE 
952 |0 0  |1 0  |2 ddc  |4 0  |6 428_000000000000000_DOFP_2022  |7 0  |8 A  |9 594632  |a BIBEDU  |b BIBEDU  |d 2024-05-14  |e En comodato  |i 5661175  |o 428 DOFp 2022  |p 5661175  |r 2024-05-14  |t 18  |w 2024-05-14  |y BK  |k ILE 
952 |0 0  |1 0  |2 ddc  |4 0  |6 428_000000000000000_DOFP_2022  |7 0  |8 A  |9 594633  |a BIBEDU  |b BIBEDU  |d 2024-05-14  |e En comodato  |i 5661176  |o 428 DOFp 2022  |p 5661176  |r 2024-05-14  |t 19  |w 2024-05-14  |y BK  |k ILE 
952 |0 0  |1 0  |2 ddc  |4 0  |6 428_000000000000000_DOFP_2022  |7 0  |8 A  |9 594634  |a BIBEDU  |b BIBEDU  |d 2024-05-14  |e En comodato  |i 5661177  |o 428 DOFp 2022  |p 5661177  |r 2024-05-14  |t 20  |w 2024-05-14  |y BK  |k ILE 
952 |0 0  |1 0  |2 ddc  |4 0  |6 428_000000000000000_DOFP_2022  |7 0  |8 A  |9 594635  |a BIBEDU  |b BIBEDU  |d 2024-05-14  |e En comodato  |i 5661178  |o 428 DOFp 2022  |p 5661178  |r 2024-05-14  |t 21  |w 2024-05-14  |y BK  |k ILE 
952 |0 0  |1 0  |2 ddc  |4 0  |6 428_000000000000000_DOFP_2022  |7 0  |8 A  |9 594636  |a BIBEDU  |b BIBEDU  |d 2024-05-14  |e En comodato  |i 5661179  |o 428 DOFp 2022  |p 5661179  |r 2024-05-14  |t 22  |w 2024-05-14  |y BK  |k ILE 
952 |0 0  |1 0  |2 ddc  |4 0  |6 428_000000000000000_DOFP_2022  |7 0  |8 A  |9 594637  |a BIBEDU  |b BIBEDU  |d 2024-05-14  |e En comodato  |i 5661180  |o 428 DOFp 2022  |p 5661180  |r 2024-05-14  |t 23  |w 2024-05-14  |y BK  |k ILE 
952 |0 0  |1 0  |2 ddc  |4 0  |6 428_000000000000000_DOFP_2022  |7 0  |8 A  |9 594638  |a BIBEDU  |b BIBEDU  |d 2024-05-14  |e En comodato  |i 5661181  |o 428 DOFp 2022  |p 5661181  |r 2024-05-14  |t 24  |w 2024-05-14  |y BK  |k ILE 
952 |0 0  |1 0  |2 ddc  |4 0  |6 428_000000000000000_DOFP_2022  |7 0  |8 A  |9 594639  |a BIBEDU  |b BIBEDU  |d 2024-05-14  |e En comodato  |i 5661182  |o 428 DOFp 2022  |p 5661182  |r 2024-05-14  |t 25  |w 2024-05-14  |y BK  |k ILE 
952 |0 0  |1 0  |2 ddc  |4 0  |6 428_000000000000000_DOFP_2022  |7 0  |8 A  |9 594640  |a BIBEDU  |b BIBEDU  |d 2024-05-14  |e En comodato  |i 5661183  |o 428 DOFp 2022  |p 5661183  |r 2024-05-14  |t 26  |w 2024-05-14  |y BK  |k ILE 
952 |0 0  |1 0  |2 ddc  |4 0  |6 428_000000000000000_DOFP_2022  |7 0  |8 A  |9 594641  |a BIBEDU  |b BIBEDU  |d 2024-05-14  |e En comodato  |i 5661184  |o 428 DOFp 2022  |p 5661184  |r 2024-05-14  |t 27  |w 2024-05-14  |y BK  |k ILE 
952 |0 0  |1 0  |2 ddc  |4 0  |6 428_000000000000000_DOFP_2022  |7 0  |8 A  |9 594642  |a BIBEDU  |b BIBEDU  |d 2024-05-14  |e En comodato  |i 5661185  |o 428 DOFp 2022  |p 5661185  |r 2024-05-14  |t 28  |w 2024-05-14  |y BK  |k ILE 
952 |0 0  |1 0  |2 ddc  |4 0  |6 428_000000000000000_DOFP_2022  |7 0  |8 A  |9 594643  |a BIBEDU  |b BIBEDU  |d 2024-05-14  |e En comodato  |i 5661186  |o 428 DOFp 2022  |p 5661186  |r 2024-05-14  |t 29  |w 2024-05-14  |y BK  |k ILE 
952 |0 0  |1 0  |2 ddc  |4 0  |6 428_000000000000000_DOFP_2022  |7 0  |8 A  |9 594644  |a BIBEDU  |b BIBEDU  |d 2024-05-14  |e En comodato  |i 5661187  |o 428 DOFp 2022  |p 5661187  |r 2024-05-14  |t 30  |w 2024-05-14  |y BK  |k ILE 
952 |0 0  |1 0  |2 ddc  |4 0  |6 428_000000000000000_DOFP_2022  |7 0  |8 A  |9 594645  |a BIBING  |b BIBING  |c RES  |d 2024-05-14  |e En comodato  |i 5661188  |o 428 DOFp 2022  |p 5661188  |r 2025-01-20  |t 31  |w 2024-05-14  |y BK  |k ILI 
952 |0 0  |1 0  |2 ddc  |4 0  |6 428_000000000000000_DOFP_2022  |7 0  |8 A  |9 594646  |a BIBING  |b BIBING  |c RES  |d 2024-05-14  |e En comodato  |i 5661189  |o 428 DOFp 2022  |p 5661189  |r 2025-01-20  |t 32  |w 2024-05-14  |y BK  |k ILI 
952 |0 0  |1 0  |2 ddc  |4 0  |6 428_000000000000000_DOFP_2022  |7 0  |8 A  |9 594647  |a BIBING  |b BIBING  |c RES  |d 2024-05-14  |e En comodato  |i 5661190  |o 428 DOFp 2022  |p 5661190  |r 2025-01-20  |t 33  |w 2024-05-14  |y BK  |k ILI 
952 |0 0  |1 0  |2 ddc  |4 0  |6 428_000000000000000_DOFP_2022  |7 0  |8 A  |9 594648  |a BIBING  |b BIBING  |c RES  |d 2024-05-14  |e En comodato  |i 5661191  |o 428 DOFp 2022  |p 5661191  |r 2025-01-20  |t 34  |w 2024-05-14  |y BK  |k ILI 
952 |0 0  |1 0  |2 ddc  |4 0  |6 428_000000000000000_DOFP_2022  |7 0  |8 A  |9 594649  |a BIBING  |b BIBING  |c RES  |d 2024-05-14  |e En comodato  |i 5661192  |o 428 DOFp 2022  |p 5661192  |r 2025-01-20  |t 35  |w 2024-05-14  |y BK  |k ILI 
952 |0 0  |1 0  |2 ddc  |4 0  |6 428_000000000000000_DOFP_2022  |7 0  |8 A  |9 594650  |a BIBING  |b BIBING  |c RES  |d 2024-05-14  |e En comodato  |i 5661193  |o 428 DOFp 2022  |p 5661193  |r 2025-01-20  |t 36  |w 2024-05-14  |y BK  |k ILI 
952 |0 0  |1 0  |2 ddc  |4 0  |6 428_000000000000000_DOFP_2022  |7 0  |8 A  |9 594651  |a BIBING  |b BIBING  |c RES  |d 2024-05-14  |e En comodato  |i 5661194  |l 1  |o 428 DOFp 2022  |p 5661194  |r 2025-01-20  |s 2024-09-11  |t 37  |w 2024-05-14  |y BK  |k ILI 
952 |0 0  |1 0  |2 ddc  |4 0  |6 428_000000000000000_DOFP_2022  |7 0  |8 A  |9 594652  |a BIBING  |b BIBING  |c RES  |d 2024-05-14  |e En comodato  |i 5661195  |o 428 DOFp 2022  |p 5661195  |r 2025-01-20  |t 38  |w 2024-05-14  |y BK  |k ILI 
952 |0 0  |1 0  |2 ddc  |4 0  |6 428_000000000000000_DOFP_2022  |7 0  |8 A  |9 594653  |a BIBING  |b BIBING  |c RES  |d 2024-05-14  |e En comodato  |i 5661196  |o 428 DOFp 2022  |p 5661196  |r 2025-01-20  |t 39  |w 2024-05-14  |y BK  |k ILI 
952 |0 0  |1 0  |2 ddc  |4 0  |6 428_000000000000000_DOFP_2022  |7 0  |8 A  |9 594654  |a BIBING  |b BIBING  |c RES  |d 2024-05-14  |e En comodato  |i 5661197  |o 428 DOFp 2022  |p 5661197  |r 2025-01-20  |t 40  |w 2024-05-14  |y BK  |k ILI 
952 |0 0  |1 0  |2 ddc  |4 0  |6 428_000000000000000_DOFP_2022  |7 0  |8 A  |9 594655  |a BIBING  |b BIBING  |c RES  |d 2024-05-14  |e En comodato  |i 5661198  |l 3  |o 428 DOFp 2022  |p 5661198  |r 2025-05-05  |s 2025-04-23  |t 41  |w 2024-05-14  |y BK  |k ILI 
952 |0 0  |1 0  |2 ddc  |4 0  |6 428_000000000000000_DOFP_2022  |7 0  |8 A  |9 594656  |a BIBING  |b BIBING  |c RES  |d 2024-05-14  |e En comodato  |i 5661199  |l 2  |m 1  |o 428 DOFp 2022  |p 5661199  |r 2025-04-01  |s 2025-03-31  |t 42  |w 2024-05-14  |y BK  |k ILI 
952 |0 0  |1 0  |2 ddc  |4 0  |6 428_000000000000000_DOFP_2022  |7 0  |8 A  |9 594657  |a BIBING  |b BIBING  |c RES  |d 2024-05-14  |e En comodato  |i 5661200  |o 428 DOFp 2022  |p 5661200  |r 2025-01-20  |t 43  |w 2024-05-14  |y BK  |k ILI 
952 |0 0  |1 0  |2 ddc  |4 0  |6 428_000000000000000_DOFP_2022  |7 0  |8 A  |9 594658  |a BIBING  |b BIBING  |c RES  |d 2024-05-14  |e En comodato  |i 5661201  |o 428 DOFp 2022  |p 5661201  |r 2025-01-20  |t 44  |w 2024-05-14  |y BK  |k ILI 
952 |0 0  |1 0  |2 ddc  |4 0  |6 428_000000000000000_DOFP_2022  |7 0  |8 A  |9 594659  |a BIBING  |b BIBING  |c RES  |d 2024-05-14  |e En comodato  |i 5661202  |o 428 DOFp 2022  |p 5661202  |r 2025-01-20  |t 45  |w 2024-05-14  |y BK  |k ILI 
952 |0 0  |1 0  |2 ddc  |4 0  |6 428_000000000000000_DOFP_2022  |7 0  |8 A  |9 594660  |a BIBGIM  |b BIBGIM  |d 2024-05-14  |e En comodato  |i 5661203  |o 428 DOFp 2022  |p 5661203  |r 2025-01-15  |t 46  |w 2024-05-14  |y BK  |k ILG 
952 |0 0  |1 0  |2 ddc  |4 0  |6 428_000000000000000_DOFP_2022  |7 0  |8 A  |9 594661  |a BIBGIM  |b BIBGIM  |d 2024-05-14  |e En comodato  |i 5661204  |l 3  |o 428 DOFp 2022  |p 5661204  |q 2025-04-21  |r 2025-04-04  |s 2025-04-04  |t 47  |w 2024-05-14  |y BK  |k ILG 
952 |0 0  |1 0  |2 ddc  |4 0  |6 428_000000000000000_DOFP_2022  |7 0  |8 A  |9 594662  |a BIBGIM  |b BIBGIM  |d 2024-05-14  |e En comodato  |i 5661205  |o 428 DOFp 2022  |p 5661205  |r 2025-01-15  |t 48  |w 2024-05-14  |y BK  |k ILG 
952 |0 0  |1 0  |2 ddc  |4 0  |6 428_000000000000000_DOFP_2022  |7 0  |8 A  |9 594663  |a BIBGIM  |b BIBGIM  |d 2024-05-14  |e En comodato  |i 5661206  |o 428 DOFp 2022  |p 5661206  |r 2025-01-15  |t 49  |w 2024-05-14  |y BK  |k ILG 
952 |0 0  |1 0  |2 ddc  |4 0  |6 428_000000000000000_DOFP_2022  |7 0  |8 A  |9 594664  |a BIBGIM  |b BIBGIM  |d 2024-05-14  |e En comodato  |i 5661207  |o 428 DOFp 2022  |p 5661207  |r 2025-01-15  |t 50  |w 2024-05-14  |y BK  |k ILG 
952 |0 0  |1 0  |2 ddc  |4 0  |6 428_000000000000000_DOFP_2022  |7 0  |8 A  |9 594665  |a BIBGIM  |b BIBGIM  |d 2024-05-14  |e En comodato  |i 5661208  |l 1  |o 428 DOFp 2022  |p 5661208  |r 2025-04-15  |s 2025-04-11  |t 51  |w 2024-05-14  |y BK  |k ILG 
952 |0 0  |1 0  |2 ddc  |4 0  |6 428_000000000000000_DOFP_2022  |7 0  |8 A  |9 594666  |a BIBGIM  |b BIBGIM  |d 2024-05-14  |e En comodato  |i 5661209  |o 428 DOFp 2022  |p 5661209  |r 2025-01-15  |t 52  |w 2024-05-14  |y BK  |k ILG 
952 |0 0  |1 0  |2 ddc  |4 0  |6 428_000000000000000_DOFP_2022  |7 0  |8 A  |9 594667  |a BIBGIM  |b BIBGIM  |d 2024-05-14  |e En comodato  |i 5661210  |l 2  |o 428 DOFp 2022  |p 5661210  |q 2025-05-14  |r 2025-04-14  |s 2025-04-14  |t 53  |w 2024-05-14  |y BK  |k ILG 
952 |0 0  |1 0  |2 ddc  |4 0  |6 428_000000000000000_DOFP_2022  |7 0  |8 A  |9 594668  |a BIBGIM  |b BIBGIM  |d 2024-05-14  |e En comodato  |i 5661211  |l 2  |m 2  |o 428 DOFp 2022  |p 5661211  |r 2025-05-05  |s 2025-04-09  |t 54  |w 2024-05-14  |y BK  |k ILG 
952 |0 0  |1 0  |2 ddc  |4 0  |6 428_000000000000000_DOFP_2022  |7 0  |8 A  |9 594669  |a BIBGIM  |b BIBGIM  |d 2024-05-14  |e En comodato  |i 5661212  |l 2  |o 428 DOFp 2022  |p 5661212  |q 2025-05-09  |r 2025-04-09  |s 2025-04-09  |t 55  |w 2024-05-14  |y BK  |k ILG 
952 |0 0  |1 0  |2 ddc  |4 0  |6 428_000000000000000_DOFP_2022  |7 0  |8 A  |9 594670  |a BIBGIM  |b BIBGIM  |d 2024-05-14  |e En comodato  |i 5661213  |l 5  |m 1  |o 428 DOFp 2022  |p 5661213  |q 2025-04-21  |r 2025-04-04  |s 2025-04-04  |t 56  |w 2024-05-14  |y BK  |k ILG 
952 |0 0  |1 0  |2 ddc  |4 0  |6 428_000000000000000_DOFP_2022  |7 0  |8 A  |9 594671  |a BIBGIM  |b BIBGIM  |d 2024-05-14  |e En comodato  |i 5661214  |l 4  |m 4  |o 428 DOFp 2022  |p 5661214  |q 2025-05-30  |r 2025-03-27  |s 2025-03-27  |t 57  |w 2024-05-14  |y BK  |k ILG 
952 |0 0  |1 0  |2 ddc  |4 0  |6 428_000000000000000_DOFP_2022  |7 0  |8 A  |9 594672  |a BIBAGR  |b BIBAGR  |d 2024-05-14  |e En comodato  |i 5661215  |o 428 DOFp 2022  |p 5661215  |r 2025-01-20  |t 58  |w 2024-05-14  |y BK  |k ILA 
952 |0 0  |1 0  |2 ddc  |4 0  |6 428_000000000000000_DOFP_2022  |7 0  |8 A  |9 594673  |a BIBAGR  |b BIBAGR  |d 2024-05-14  |e En comodato  |i 5661216  |l 1  |o 428 DOFp 2022  |p 5661216  |r 2025-01-20  |s 2024-06-04  |t 59  |w 2024-05-14  |y BK  |k ILA 
952 |0 0  |1 0  |2 ddc  |4 0  |6 428_000000000000000_DOFP_2022  |7 0  |8 A  |9 594674  |a BIBAGR  |b BIBAGR  |d 2024-05-14  |e En comodato  |i 5661217  |o 428 DOFp 2022  |p 5661217  |r 2025-01-20  |t 60  |w 2024-05-14  |y BK  |k ILA 
952 |0 0  |1 0  |2 ddc  |4 0  |6 428_000000000000000_DOFP_2022  |7 0  |8 A  |9 594675  |a BIBAGR  |b BIBAGR  |d 2024-05-14  |e En comodato  |i 5661218  |o 428 DOFp 2022  |p 5661218  |r 2025-01-20  |t 61  |w 2024-05-14  |y BK  |k ILA 
952 |0 0  |1 0  |2 ddc  |4 0  |6 428_000000000000000_DOFP_2022  |7 0  |8 A  |9 594676  |a BIBAGR  |b BIBAGR  |d 2024-05-14  |e En comodato  |i 5661219  |o 428 DOFp 2022  |p 5661219  |r 2025-01-20  |t 62  |w 2024-05-14  |y BK  |k ILA 
952 |0 0  |1 0  |2 ddc  |4 0  |6 428_000000000000000_DOFP_2022  |7 0  |8 A  |9 594677  |a BIBAGR  |b BIBAGR  |d 2024-05-14  |e En comodato  |i 5661220  |o 428 DOFp 2022  |p 5661220  |r 2025-01-20  |t 63  |w 2024-05-14  |y BK  |k ILA 
952 |0 0  |1 0  |2 ddc  |4 0  |6 428_000000000000000_DOFP_2022  |7 0  |8 A  |9 594678  |a BIBAGR  |b BIBAGR  |d 2024-05-14  |e En comodato  |i 5661221  |o 428 DOFp 2022  |p 5661221  |r 2025-01-20  |t 64  |w 2024-05-14  |y BK  |k ILA 
952 |0 0  |1 0  |2 ddc  |4 0  |6 428_000000000000000_DOFP_2022  |7 0  |8 A  |9 594679  |a BIBAGR  |b BIBAGR  |d 2024-05-14  |e En comodato  |i 5661222  |o 428 DOFp 2022  |p 5661222  |r 2025-01-20  |t 65  |w 2024-05-14  |y BK  |k ILA 
952 |0 0  |1 0  |2 ddc  |4 0  |6 428_000000000000000_DOFP_2022  |7 0  |8 A  |9 594680  |a BIBAGR  |b BIBAGR  |d 2024-05-14  |e En comodato  |i 5661223  |o 428 DOFp 2022  |p 5661223  |r 2025-01-20  |t 66  |w 2024-05-14  |y BK  |k ILA 
952 |0 0  |1 0  |2 ddc  |4 0  |6 428_000000000000000_DOFP_2022  |7 0  |8 A  |9 594681  |a BIBAGR  |b BIBAGR  |d 2024-05-14  |e En comodato  |i 5661224  |o 428 DOFp 2022  |p 5661224  |r 2025-01-20  |t 67  |w 2024-05-14  |y BK  |k ILA 
952 |0 0  |1 0  |2 ddc  |4 0  |6 428_000000000000000_DOFP_2022  |7 0  |8 A  |9 594682  |a BIBARQ  |b BIBARQ  |d 2024-05-14  |e En comodato  |i 5661225  |o 428 DOFp 2022  |p 5661225  |r 2025-01-20  |t 68  |w 2024-05-14  |y BK  |k ILQ 
952 |0 0  |1 0  |2 ddc  |4 0  |6 428_000000000000000_DOFP_2022  |7 0  |8 A  |9 594683  |a BIBARQ  |b BIBARQ  |d 2024-05-14  |e En comodato  |i 5661226  |o 428 DOFp 2022  |p 5661226  |r 2025-01-20  |t 69  |w 2024-05-14  |y BK  |k ILQ 
952 |0 0  |1 0  |2 ddc  |4 0  |6 428_000000000000000_DOFP_2022  |7 0  |8 A  |9 594684  |a BIBARQ  |b BIBARQ  |d 2024-05-14  |e En comodato  |i 5661227  |o 428 DOFp 2022  |p 5661227  |r 2025-01-20  |t 70  |w 2024-05-14  |y BK  |k ILQ 
952 |0 0  |1 0  |2 ddc  |4 0  |6 428_000000000000000_DOFP_2022  |7 0  |8 A  |9 594685  |a BIBARQ  |b BIBARQ  |d 2024-05-14  |e En comodato  |i 5661228  |o 428 DOFp 2022  |p 5661228  |r 2025-01-20  |t 71  |w 2024-05-14  |y BK  |k ILQ 
952 |0 0  |1 0  |2 ddc  |4 0  |6 428_000000000000000_DOFP_2022  |7 0  |8 A  |9 594686  |a BIBARQ  |b BIBARQ  |d 2024-05-14  |e En comodato  |i 5661229  |o 428 DOFp 2022  |p 5661229  |r 2025-01-20  |t 72  |w 2024-05-14  |y BK  |k ILQ 
952 |0 0  |1 0  |2 ddc  |4 0  |6 428_000000000000000_DOFP_2022  |7 0  |8 A  |9 594687  |a BIBARQ  |b BIBARQ  |d 2024-05-14  |e En comodato  |i 5661230  |o 428 DOFp 2022  |p 5661230  |r 2025-01-20  |t 73  |w 2024-05-14  |y BK  |k ILQ 
952 |0 0  |1 0  |2 ddc  |4 0  |6 428_000000000000000_DOFP_2022  |7 0  |8 A  |9 594688  |a BIBARQ  |b BIBARQ  |d 2024-05-14  |e En comodato  |i 5661231  |o 428 DOFp 2022  |p 5661231  |r 2025-01-20  |t 74  |w 2024-05-14  |y BK  |k ILQ 
952 |0 0  |1 0  |2 ddc  |4 0  |6 428_000000000000000_DOFP_2022  |7 0  |8 A  |9 594689  |a BIBARQ  |b BIBARQ  |d 2024-05-14  |e En comodato  |i 5661232  |o 428 DOFp 2022  |p 5661232  |r 2025-01-20  |t 75  |w 2024-05-14  |y BK  |k ILQ 
952 |0 0  |1 0  |2 ddc  |4 0  |6 428_000000000000000_DOFP_2022  |7 0  |8 A  |9 594690  |a BIBARQ  |b BIBARQ  |d 2024-05-14  |e En comodato  |i 5661233  |o 428 DOFp 2022  |p 5661233  |r 2025-01-20  |t 76  |w 2024-05-14  |y BK  |k ILQ 
952 |0 0  |1 0  |2 ddc  |4 0  |6 428_000000000000000_DOFP_2022  |7 0  |8 A  |9 594691  |a BIBARQ  |b BIBARQ  |d 2024-05-14  |e En comodato  |i 5661234  |o 428 DOFp 2022  |p 5661234  |r 2025-01-20  |t 77  |w 2024-05-14  |y BK  |k ILQ 
952 |0 0  |1 0  |2 ddc  |4 0  |6 428_000000000000000_DOFP_2022  |7 0  |8 A  |9 594692  |a BIBART  |b BIBART  |d 2024-05-14  |e En comodato  |i 5661235  |o 428 DOFp 2022  |p 5661235  |r 2025-03-13  |t 78  |w 2024-05-14  |y BK  |k ILT 
952 |0 0  |1 0  |2 ddc  |4 0  |6 428_000000000000000_DOFP_2022  |7 0  |8 A  |9 594693  |a BIBART  |b BIBART  |d 2024-05-14  |e En comodato  |i 5661236  |o 428 DOFp 2022  |p 5661236  |r 2025-03-13  |t 79  |w 2024-05-14  |y BK  |k ILT 
952 |0 0  |1 0  |2 ddc  |4 0  |6 428_000000000000000_DOFP_2022  |7 0  |8 A  |9 594694  |a BIBART  |b BIBART  |d 2024-05-14  |e En comodato  |i 5661237  |o 428 DOFp 2022  |p 5661237  |r 2025-03-13  |t 80  |w 2024-05-14  |y BK  |k ILT 
952 |0 0  |1 0  |2 ddc  |4 0  |6 428_000000000000000_DOFP_2022  |7 0  |8 A  |9 594695  |a BIBART  |b BIBART  |d 2024-05-14  |e En comodato  |i 5661238  |o 428 DOFp 2022  |p 5661238  |r 2025-03-13  |t 81  |w 2024-05-14  |y BK  |k ILT 
952 |0 0  |1 0  |2 ddc  |4 0  |6 428_000000000000000_DOFP_2022  |7 0  |8 A  |9 594696  |a BIBART  |b BIBART  |d 2024-05-14  |e En comodato  |i 5661239  |o 428 DOFp 2022  |p 5661239  |r 2025-03-13  |t 82  |w 2024-05-14  |y BK  |k ILT 
952 |0 0  |1 0  |2 ddc  |4 0  |6 428_000000000000000_DOFP_2022  |7 0  |8 A  |9 594697  |a BIBART  |b BIBART  |d 2024-05-14  |e En comodato  |i 5661240  |o 428 DOFp 2022  |p 5661240  |r 2025-03-13  |t 83  |w 2024-05-14  |y BK  |k ILT 
952 |0 0  |1 0  |2 ddc  |4 0  |6 428_000000000000000_DOFP_2022  |7 0  |8 A  |9 594698  |a BIBART  |b BIBART  |d 2024-05-14  |e En comodato  |i 5661241  |o 428 DOFp 2022  |p 5661241  |r 2025-03-13  |t 84  |w 2024-05-14  |y BK  |k ILT 
952 |0 0  |1 0  |2 ddc  |4 0  |6 428_000000000000000_DOFP_2022  |7 0  |8 A  |9 594699  |a BIBART  |b BIBART  |d 2024-05-14  |e En comodato  |i 5661242  |o 428 DOFp 2022  |p 5661242  |r 2025-03-13  |t 85  |w 2024-05-14  |y BK  |k ILT 
952 |0 0  |1 0  |2 ddc  |4 0  |6 428_000000000000000_DOFP_2022  |7 0  |8 A  |9 594700  |a BIBART  |b BIBART  |d 2024-05-14  |e En comodato  |i 5661243  |o 428 DOFp 2022  |p 5661243  |r 2025-03-13  |t 86  |w 2024-05-14  |y BK  |k ILT 
952 |0 0  |1 0  |2 ddc  |4 0  |6 428_000000000000000_DOFP_2022  |7 0  |8 A  |9 594701  |a BIBART  |b BIBART  |d 2024-05-14  |e En comodato  |i 5661244  |o 428 DOFp 2022  |p 5661244  |r 2025-03-13  |t 87  |w 2024-05-14  |y BK  |k ILT 
952 |0 0  |1 0  |2 ddc  |4 0  |6 428_000000000000000_DOFP_2022  |7 0  |8 A  |9 594702  |a BIBDER  |b BIBDER  |d 2024-05-14  |e En comodato  |i 5661245  |o 428 DOFp 2022  |p 5661245  |r 2024-05-14  |t 88  |w 2024-05-14  |y BK  |k ILD 
952 |0 0  |1 0  |2 ddc  |4 0  |6 428_000000000000000_DOFP_2022  |7 0  |8 A  |9 594703  |a BIBDER  |b BIBDER  |d 2024-05-14  |e En comodato  |i 5661246  |o 428 DOFp 2022  |p 5661246  |r 2024-05-14  |t 89  |w 2024-05-14  |y BK  |k ILD 
952 |0 0  |1 0  |2 ddc  |4 0  |6 428_000000000000000_DOFP_2022  |7 0  |8 A  |9 594704  |a BIBDER  |b BIBDER  |d 2024-05-14  |e En comodato  |i 5661247  |o 428 DOFp 2022  |p 5661247  |r 2024-05-14  |t 90  |w 2024-05-14  |y BK  |k ILD 
952 |0 0  |1 0  |2 ddc  |4 0  |6 428_000000000000000_DOFP_2022  |7 0  |8 A  |9 594705  |a BIBDER  |b BIBDER  |d 2024-05-14  |e En comodato  |i 5661248  |o 428 DOFp 2022  |p 5661248  |r 2024-05-14  |t 91  |w 2024-05-14  |y BK  |k ILD 
952 |0 0  |1 0  |2 ddc  |4 0  |6 428_000000000000000_DOFP_2022  |7 0  |8 A  |9 594706  |a BIBDER  |b BIBDER  |d 2024-05-14  |e En comodato  |i 5661249  |o 428 DOFp 2022  |p 5661249  |r 2024-05-14  |t 92  |w 2024-05-14  |y BK  |k ILD 
952 |0 0  |1 0  |2 ddc  |4 0  |6 428_000000000000000_DOFP_2022  |7 0  |8 A  |9 594707  |a BIBDER  |b BIBDER  |d 2024-05-14  |e En comodato  |i 5661250  |o 428 DOFp 2022  |p 5661250  |r 2024-05-14  |t 93  |w 2024-05-14  |y BK  |k ILD 
952 |0 0  |1 0  |2 ddc  |4 0  |6 428_000000000000000_DOFP_2022  |7 0  |8 A  |9 594708  |a BIBDER  |b BIBDER  |d 2024-05-14  |e En comodato  |i 5661251  |o 428 DOFp 2022  |p 5661251  |r 2024-05-14  |t 94  |w 2024-05-14  |y BK  |k ILD 
952 |0 0  |1 0  |2 ddc  |4 0  |6 428_000000000000000_DOFP_2022  |7 0  |8 A  |9 594709  |a BIBDER  |b BIBDER  |d 2024-05-14  |e En comodato  |i 5661252  |o 428 DOFp 2022  |p 5661252  |r 2024-05-14  |t 95  |w 2024-05-14  |y BK  |k ILD 
952 |0 0  |1 0  |2 ddc  |4 0  |6 428_000000000000000_DOFP_2022  |7 0  |8 A  |9 594710  |a BIBDER  |b BIBDER  |d 2024-05-14  |e En comodato  |i 5661253  |o 428 DOFp 2022  |p 5661253  |r 2024-05-14  |t 96  |w 2024-05-14  |y BK  |k ILD 
952 |0 0  |1 0  |2 ddc  |4 0  |6 428_000000000000000_DOFP_2022  |7 0  |8 A  |9 594711  |a BIBDER  |b BIBDER  |d 2024-05-14  |e En comodato  |i 5661254  |o 428 DOFp 2022  |p 5661254  |r 2024-05-14  |t 97  |w 2024-05-14  |y BK  |k ILD 
952 |0 0  |1 0  |2 ddc  |4 0  |6 428_000000000000000_DOFP_2022  |7 0  |8 A  |9 594712  |a BIBDER  |b BIBDER  |d 2024-05-14  |e En comodato  |i 5661255  |o 428 DOFp 2022  |p 5661255  |r 2024-05-14  |t 98  |w 2024-05-14  |y BK  |k ILD 
952 |0 0  |1 0  |2 ddc  |4 0  |6 428_000000000000000_DOFP_2022  |7 0  |8 A  |9 594713  |a BIBDER  |b BIBDER  |d 2024-05-14  |e En comodato  |i 5661256  |o 428 DOFp 2022  |p 5661256  |r 2024-05-14  |t 99  |w 2024-05-14  |y BK  |k ILD 
952 |0 0  |1 0  |2 ddc  |4 0  |6 428_000000000000000_DOFP_2022  |7 0  |8 A  |9 594716  |a BIBHIS  |b BIBHIS  |d 2024-05-14  |e En comodato  |i 5661257  |o 428 DOFp 2022  |p 5661257  |r 2024-05-14  |t 100  |w 2024-05-14  |y BK  |k ILH 
952 |0 0  |1 0  |2 ddc  |4 0  |6 428_000000000000000_DOFP_2022  |7 0  |8 A  |9 594717  |a BIBHIS  |b BIBHIS  |d 2024-05-14  |e En comodato  |i 5661258  |o 428 DOFp 2022  |p 5661258  |r 2024-05-14  |t 101  |w 2024-05-14  |y BK  |k ILH 
952 |0 0  |1 0  |2 ddc  |4 0  |6 428_000000000000000_DOFP_2022  |7 0  |8 A  |9 594719  |a BIBHIS  |b BIBHIS  |d 2024-05-14  |e En comodato  |i 5661259  |o 428 DOFp 2022  |p 5661259  |r 2024-05-14  |t 102  |w 2024-05-14  |y BK  |k ILH 
952 |0 0  |1 0  |2 ddc  |4 0  |6 428_000000000000000_DOFP_2022  |7 0  |8 A  |9 594720  |a BIBHIS  |b BIBHIS  |d 2024-05-14  |e En comodato  |i 5661260  |o 428 DOFp 2022  |p 5661260  |r 2024-05-14  |t 103  |w 2024-05-14  |y BK  |k ILH 
952 |0 0  |1 0  |2 ddc  |4 0  |6 428_000000000000000_DOFP_2022  |7 0  |8 A  |9 594722  |a BIBHIS  |b BIBHIS  |d 2024-05-14  |e En comodato  |i 5661261  |o 428 DOFp 2022  |p 5661261  |r 2024-05-14  |t 104  |w 2024-05-14  |y BK  |k ILH 
952 |0 0  |1 0  |2 ddc  |4 0  |6 428_000000000000000_DOFP_2022  |7 0  |8 A  |9 594723  |a BIBHIS  |b BIBHIS  |d 2024-05-14  |e En comodato  |i 5661262  |o 428 DOFp 2022  |p 5661262  |r 2024-05-14  |t 105  |w 2024-05-14  |y BK  |k ILH 
952 |0 0  |1 0  |2 ddc  |4 0  |6 428_000000000000000_DOFP_2022  |7 0  |8 A  |9 594725  |a BIBHIS  |b BIBHIS  |d 2024-05-14  |e En comodato  |i 5661263  |o 428 DOFp 2022  |p 5661263  |r 2024-05-14  |t 106  |w 2024-05-14  |y BK  |k ILH 
952 |0 0  |1 0  |2 ddc  |4 0  |6 428_000000000000000_DOFP_2022  |7 0  |8 A  |9 594727  |a BIBHIS  |b BIBHIS  |d 2024-05-14  |e En comodato  |i 5661264  |o 428 DOFp 2022  |p 5661264  |r 2024-05-14  |t 107  |w 2024-05-14  |y BK  |k ILH 
952 |0 0  |1 0  |2 ddc  |4 0  |6 428_000000000000000_DOFP_2022  |7 0  |8 A  |9 594728  |a BIBHIS  |b BIBHIS  |d 2024-05-14  |e En comodato  |i 5661265  |o 428 DOFp 2022  |p 5661265  |r 2024-05-14  |t 108  |w 2024-05-14  |y BK  |k ILH 
952 |0 0  |1 0  |2 ddc  |4 0  |6 428_000000000000000_DOFP_2022  |7 0  |8 A  |9 594729  |a BIBHIS  |b BIBHIS  |d 2024-05-14  |e En comodato  |i 5661266  |o 428 DOFp 2022  |p 5661266  |r 2024-05-14  |t 109  |w 2024-05-14  |y BK  |k ILH 
952 |0 0  |1 0  |2 ddc  |4 0  |6 428_000000000000000_DOFP_2022  |7 0  |8 A  |9 594730  |a BIBHIS  |b BIBHIS  |d 2024-05-14  |e En comodato  |i 5661267  |o 428 DOFp 2022  |p 5661267  |r 2024-05-14  |t 110  |w 2024-05-14  |y BK  |k ILH 
952 |0 0  |1 0  |2 ddc  |4 0  |6 428_000000000000000_DOFP_2022  |7 0  |8 A  |9 594731  |a BIBHIS  |b BIBHIS  |d 2024-05-14  |e En comodato  |i 5661268  |o 428 DOFp 2022  |p 5661268  |r 2024-05-14  |t 111  |w 2024-05-14  |y BK  |k ILH 
952 |0 0  |1 0  |2 ddc  |4 0  |6 428_000000000000000_DOFP_2022  |7 0  |8 A  |9 594733  |a BIBMEC  |b BIBMEC  |d 2024-05-15  |e En comodato  |i 5661269  |o 428 DOFp 2022  |p 5661269  |r 2024-05-15  |t 112  |w 2024-05-15  |y BK  |k ILME 
952 |0 0  |1 0  |2 ddc  |4 0  |6 428_000000000000000_DOFP_2022  |7 0  |8 A  |9 594734  |a BIBMEC  |b BIBMEC  |d 2024-05-15  |e En comodato  |i 5661270  |o 428 DOFp 2022  |p 5661270  |r 2024-05-15  |t 113  |w 2024-05-15  |y BK  |k ILME 
952 |0 0  |1 0  |2 ddc  |4 0  |6 428_000000000000000_DOFP_2022  |7 0  |8 A  |9 594735  |a BIBMEC  |b BIBMEC  |d 2024-05-15  |e En comodato  |i 5661271  |o 428 DOFp 2022  |p 5661271  |r 2024-05-15  |t 114  |w 2024-05-15  |y BK  |k ILME 
952 |0 0  |1 0  |2 ddc  |4 0  |6 428_000000000000000_DOFP_2022  |7 0  |8 A  |9 594736  |a BIBMEC  |b BIBMEC  |d 2024-05-15  |e En comodato  |i 5661272  |o 428 DOFp 2022  |p 5661272  |r 2024-05-15  |t 115  |w 2024-05-15  |y BK  |k ILME 
952 |0 0  |1 0  |2 ddc  |4 0  |6 428_000000000000000_DOFP_2022  |7 0  |8 A  |9 594737  |a BIBMEC  |b BIBMEC  |d 2024-05-15  |e En comodato  |i 5661273  |o 428 DOFp 2022  |p 5661273  |r 2024-05-15  |t 116  |w 2024-05-15  |y BK  |k ILME 
952 |0 0  |1 0  |2 ddc  |4 0  |6 428_000000000000000_DOFP_2022  |7 0  |8 A  |9 594738  |a BIBMEC  |b BIBMEC  |d 2024-05-15  |e En comodato  |i 5661274  |o 428 DOFp 2022  |p 5661274  |r 2024-05-15  |t 117  |w 2024-05-15  |y BK  |k ILME 
952 |0 0  |1 0  |2 ddc  |4 0  |6 428_000000000000000_DOFP_2022  |7 0  |8 A  |9 594739  |a BIBMEC  |b BIBMEC  |d 2024-05-15  |e En comodato  |i 5661275  |o 428 DOFp 2022  |p 5661275  |r 2024-05-15  |t 118  |w 2024-05-15  |y BK  |k ILME 
952 |0 0  |1 0  |2 ddc  |4 0  |6 428_000000000000000_DOFP_2022  |7 0  |8 A  |9 594740  |a BIBMEC  |b BIBMEC  |d 2024-05-15  |e En comodato  |i 5661276  |o 428 DOFp 2022  |p 5661276  |r 2024-05-15  |t 119  |w 2024-05-15  |y BK  |k ILME 
952 |0 0  |1 0  |2 ddc  |4 0  |6 428_000000000000000_DOFP_2022  |7 0  |8 A  |9 594741  |a BIBMEC  |b BIBMEC  |d 2024-05-15  |e En comodato  |i 5661277  |o 428 DOFp 2022  |p 5661277  |r 2024-05-15  |t 120  |w 2024-05-15  |y BK  |k ILME 
952 |0 0  |1 0  |2 ddc  |4 0  |6 428_000000000000000_DOFP_2022  |7 0  |8 A  |9 594742  |a BIBMEC  |b BIBMEC  |d 2024-05-15  |e En comodato  |i 5661278  |o 428 DOFp 2022  |p 5661278  |r 2024-05-15  |t 121  |w 2024-05-15  |y BK  |k ILME 
952 |0 0  |1 0  |2 ddc  |4 0  |6 428_000000000000000_DOFP_2022  |7 0  |8 A  |9 594743  |a BIBMEC  |b BIBMEC  |d 2024-05-15  |e En comodato  |i 5661279  |o 428 DOFp 2022  |p 5661279  |r 2024-05-15  |t 122  |w 2024-05-15  |y BK  |k ILME 
952 |0 0  |1 0  |2 ddc  |4 0  |6 428_000000000000000_DOFP_2022  |7 0  |8 A  |9 594744  |a BIBMEC  |b BIBMEC  |d 2024-05-15  |e En comodato  |i 5661280  |o 428 DOFp 2022  |p 5661280  |r 2024-05-15  |t 123  |w 2024-05-15  |y BK  |k ILME 
952 |0 0  |1 0  |2 ddc  |4 0  |6 428_000000000000000_DOFP_2022  |7 0  |8 A  |9 594745  |a BIBMAT  |b BIBMAT  |d 2024-05-15  |e En comodato  |i 5661281  |o 428 DOFp 2022  |p 5661281  |r 2025-01-07  |t 124  |w 2024-05-15  |y BK  |k ILMA 
952 |0 0  |1 0  |2 ddc  |4 0  |6 428_000000000000000_DOFP_2022  |7 0  |8 A  |9 594746  |a BIBMAT  |b BIBMAT  |d 2024-05-15  |e En comodato  |i 5661282  |o 428 DOFp 2022  |p 5661282  |r 2025-01-07  |t 125  |w 2024-05-15  |y BK  |k ILMA 
952 |0 0  |1 0  |2 ddc  |4 0  |6 428_000000000000000_DOFP_2022  |7 0  |8 A  |9 594747  |a BIBMAT  |b BIBMAT  |d 2024-05-15  |e En comodato  |i 5661283  |o 428 DOFp 2022  |p 5661283  |r 2025-01-07  |t 126  |w 2024-05-15  |y BK  |k ILMA 
952 |0 0  |1 0  |2 ddc  |4 0  |6 428_000000000000000_DOFP_2022  |7 0  |8 A  |9 594748  |a BIBMAT  |b BIBMAT  |d 2024-05-15  |e En comodato  |i 5661284  |o 428 DOFp 2022  |p 5661284  |r 2025-01-07  |t 127  |w 2024-05-15  |y BK  |k ILMA 
952 |0 0  |1 0  |2 ddc  |4 0  |6 428_000000000000000_DOFP_2022  |7 0  |8 A  |9 594749  |a BIBMAT  |b BIBMAT  |d 2024-05-15  |e En comodato  |i 5661285  |o 428 DOFp 2022  |p 5661285  |r 2025-01-07  |t 128  |w 2024-05-15  |y BK  |k ILMA 
952 |0 0  |1 0  |2 ddc  |4 0  |6 428_000000000000000_DOFP_2022  |7 0  |8 A  |9 594750  |a BIBMAT  |b BIBMAT  |d 2024-05-15  |e En comodato  |i 5661286  |o 428 DOFp 2022  |p 5661286  |r 2025-01-07  |t 129  |w 2024-05-15  |y BK  |k ILMA 
952 |0 0  |1 0  |2 ddc  |4 0  |6 428_000000000000000_DOFP_2022  |7 0  |8 A  |9 594751  |a BIBMAT  |b BIBMAT  |d 2024-05-15  |e En comodato  |i 5661287  |o 428 DOFp 2022  |p 5661287  |r 2025-01-07  |t 130  |w 2024-05-15  |y BK  |k ILMA 
952 |0 0  |1 0  |2 ddc  |4 0  |6 428_000000000000000_DOFP_2022  |7 0  |8 A  |9 594752  |a BIBMAT  |b BIBMAT  |d 2024-05-15  |e En comodato  |i 5661288  |o 428 DOFp 2022  |p 5661288  |r 2025-01-07  |t 131  |w 2024-05-15  |y BK  |k ILMA 
952 |0 0  |1 0  |2 ddc  |4 0  |6 428_000000000000000_DOFP_2022  |7 0  |8 A  |9 594753  |a BIBMAT  |b BIBMAT  |d 2024-05-15  |e En comodato  |i 5661289  |o 428 DOFp 2022  |p 5661289  |r 2025-01-07  |t 132  |w 2024-05-15  |y BK  |k ILMA 
952 |0 0  |1 0  |2 ddc  |4 0  |6 428_000000000000000_DOFP_2022  |7 0  |8 A  |9 594754  |a BIBMAT  |b BIBMAT  |d 2024-05-15  |e En comodato  |i 5661290  |o 428 DOFp 2022  |p 5661290  |r 2025-01-07  |t 133  |w 2024-05-15  |y BK  |k ILMA 
952 |0 0  |1 0  |2 ddc  |4 0  |6 428_000000000000000_DOFP_2022  |7 0  |8 A  |9 594755  |a BIBMAT  |b BIBMAT  |d 2024-05-15  |e En comodato  |i 5661291  |o 428 DOFp 2022  |p 5661291  |r 2025-01-07  |t 134  |w 2024-05-15  |y BK  |k ILMA 
952 |0 0  |1 0  |2 ddc  |4 0  |6 428_000000000000000_DOFP_2022  |7 0  |8 A  |9 594756  |a BIBMAT  |b BIBMAT  |d 2024-05-15  |e En comodato  |i 5661292  |o 428 DOFp 2022  |p 5661292  |r 2025-01-07  |t 135  |w 2024-05-15  |y BK  |k ILMA 
952 |0 0  |1 0  |2 ddc  |4 0  |6 428_000000000000000_DOFP_2022  |7 0  |8 A  |9 594757  |a BIBTEO  |b BIBTEO  |d 2024-05-15  |e En comodato  |i 5661293  |o 428 DOFp 2022  |p 5661293  |r 2025-01-17  |t 136  |w 2024-05-15  |y BK  |k ILCR 
952 |0 0  |1 0  |2 ddc  |4 0  |6 428_000000000000000_DOFP_2022  |7 0  |8 A  |9 594758  |a BIBTEO  |b BIBTEO  |d 2024-05-15  |e En comodato  |i 5661294  |o 428 DOFp 2022  |p 5661294  |r 2025-01-17  |t 137  |w 2024-05-15  |y BK  |k ILCR 
952 |0 0  |1 0  |2 ddc  |4 0  |6 428_000000000000000_DOFP_2022  |7 0  |8 A  |9 594759  |a BIBTEO  |b BIBTEO  |d 2024-05-15  |e En comodato  |i 5661295  |o 428 DOFp 2022  |p 5661295  |r 2025-01-17  |t 138  |w 2024-05-15  |y BK  |k ILCR 
952 |0 0  |1 0  |2 ddc  |4 0  |6 428_000000000000000_DOFP_2022  |7 0  |8 A  |9 594760  |a BIBTEO  |b BIBTEO  |d 2024-05-15  |e En comodato  |i 5661296  |o 428 DOFp 2022  |p 5661296  |r 2025-01-17  |t 139  |w 2024-05-15  |y BK  |k ILCR 
952 |0 0  |1 0  |2 ddc  |4 0  |6 428_000000000000000_DOFP_2022  |7 0  |8 A  |9 594761  |a BIBTEO  |b BIBTEO  |d 2024-05-15  |e En comodato  |i 5661297  |o 428 DOFp 2022  |p 5661297  |r 2025-01-17  |t 140  |w 2024-05-15  |y BK  |k ILCR 
952 |0 0  |1 0  |2 ddc  |4 0  |6 428_000000000000000_DOFP_2022  |7 0  |8 A  |9 594762  |a BIBTEO  |b BIBTEO  |d 2024-05-15  |e En comodato  |i 5661298  |o 428 DOFp 2022  |p 5661298  |r 2025-01-17  |t 141  |w 2024-05-15  |y BK  |k ILCR 
952 |0 0  |1 0  |2 ddc  |4 0  |6 428_000000000000000_DOFP_2022  |7 0  |8 A  |9 594763  |a BIBTEO  |b BIBTEO  |d 2024-05-15  |e En comodato  |i 5661299  |o 428 DOFp 2022  |p 5661299  |r 2025-01-17  |t 142  |w 2024-05-15  |y BK  |k ILCR 
952 |0 0  |1 0  |2 ddc  |4 0  |6 428_000000000000000_DOFP_2022  |7 0  |8 A  |9 594764  |a BIBTEO  |b BIBTEO  |d 2024-05-15  |e En comodato  |i 5661300  |o 428 DOFp 2022  |p 5661300  |r 2025-01-17  |t 143  |w 2024-05-15  |y BK  |k ILCR 
952 |0 0  |1 0  |2 ddc  |4 0  |6 428_000000000000000_DOFP_2022  |7 0  |8 A  |9 594765  |a BIBTEO  |b BIBTEO  |d 2024-05-15  |e En comodato  |i 5661301  |o 428 DOFp 2022  |p 5661301  |r 2025-01-17  |t 144  |w 2024-05-15  |y BK  |k ILCR 
952 |0 0  |1 0  |2 ddc  |4 0  |6 428_000000000000000_DOFP_2022  |7 0  |8 A  |9 594766  |a BIBTEO  |b BIBTEO  |d 2024-05-15  |e En comodato  |i 5661302  |o 428 DOFp 2022  |p 5661302  |r 2025-01-17  |t 145  |w 2024-05-15  |y BK  |k ILCR 
952 |0 0  |1 0  |2 ddc  |4 0  |6 428_000000000000000_DOFP_2022  |7 0  |8 A  |9 594767  |a BIBTEO  |b BIBTEO  |d 2024-05-15  |e En comodato  |i 5661303  |l 4  |m 4  |o 428 DOFp 2022  |p 5661303  |q 2025-05-14  |r 2025-04-16  |s 2025-04-16  |t 146  |w 2024-05-15  |y BK  |k ILCR 
952 |0 0  |1 0  |2 ddc  |4 0  |6 428_000000000000000_DOFP_2022  |7 0  |8 A  |9 594768  |a BIBTEO  |b BIBTEO  |d 2024-05-15  |e En comodato  |i 5661304  |l 1  |m 1  |o 428 DOFp 2022  |p 5661304  |r 2025-01-17  |s 2024-06-05  |t 147  |w 2024-05-15  |y BK  |k ILCR 
952 |0 0  |1 0  |2 ddc  |4 0  |6 428_000000000000000_DOFP_2022  |7 0  |8 A  |9 594769  |a BIBALI  |b BIBALI  |d 2024-05-15  |e En comodato  |i 5661305  |o 428 DOFp 2022  |p 5661305  |r 2025-01-20  |t 148  |w 2024-05-15  |y BK  |k ILAL 
952 |0 0  |1 0  |2 ddc  |4 0  |6 428_000000000000000_DOFP_2022  |7 0  |8 A  |9 594770  |a BIBALI  |b BIBALI  |d 2024-05-15  |e En comodato  |i 5661306  |o 428 DOFp 2022  |p 5661306  |r 2025-01-20  |t 149  |w 2024-05-15  |y BK  |k ILAL 
952 |0 0  |1 0  |2 ddc  |4 0  |6 428_000000000000000_DOFP_2022  |7 0  |8 A  |9 594771  |a BIBALI  |b BIBALI  |d 2024-05-15  |e En comodato  |i 5661307  |o 428 DOFp 2022  |p 5661307  |r 2025-01-20  |t 150  |w 2024-05-15  |y BK  |k ILAL 
952 |0 0  |1 0  |2 ddc  |4 0  |6 428_000000000000000_DOFP_2022  |7 0  |8 A  |9 594772  |a BIBALI  |b BIBALI  |d 2024-05-15  |e En comodato  |i 5661309  |o 428 DOFp 2022  |p 5661309  |r 2025-01-20  |t 152  |w 2024-05-15  |y BK  |k ILAL 
952 |0 0  |1 0  |2 ddc  |4 0  |6 428_000000000000000_DOFP_2022  |7 0  |8 A  |9 594773  |a BIBALI  |b BIBALI  |d 2024-05-15  |e En comodato  |i 5661310  |o 428 DOFp 2022  |p 5661310  |r 2025-01-20  |t 153  |w 2024-05-15  |y BK  |k ILAL 
952 |0 0  |1 0  |2 ddc  |4 0  |6 428_000000000000000_DOFP_2022  |7 0  |8 A  |9 594774  |a BIBALI  |b BIBALI  |d 2024-05-15  |e En comodato  |i 5661311  |o 428 DOFp 2022  |p 5661311  |r 2025-01-20  |t 154  |w 2024-05-15  |y BK  |k ILAL 
952 |0 0  |1 0  |2 ddc  |4 0  |6 428_000000000000000_DOFP_2022  |7 0  |8 A  |9 594775  |a BIBALI  |b BIBALI  |d 2024-05-15  |e En comodato  |i 5661312  |o 428 DOFp 2022  |p 5661312  |r 2025-01-20  |t 155  |w 2024-05-15  |y BK  |k ILAL 
952 |0 0  |1 0  |2 ddc  |4 0  |6 428_000000000000000_DOFP_2022  |7 0  |8 A  |9 594776  |a BIBALI  |b BIBALI  |d 2024-05-15  |e En comodato  |i 5661313  |o 428 DOFp 2022  |p 5661313  |r 2025-01-20  |t 156  |w 2024-05-15  |y BK  |k ILAL 
952 |0 0  |1 0  |2 ddc  |4 0  |6 428_000000000000000_DOFP_2022  |7 0  |8 A  |9 594777  |a BIBALI  |b BIBALI  |d 2024-05-15  |e En comodato  |i 5661314  |o 428 DOFp 2022  |p 5661314  |r 2025-01-20  |t 157  |w 2024-05-15  |y BK  |k ILAL 
952 |0 0  |1 0  |2 ddc  |4 0  |6 428_000000000000000_DOFP_2022  |7 0  |8 A  |9 594778  |a BIBALI  |b BIBALI  |d 2024-05-15  |e En comodato  |i 5661315  |o 428 DOFp 2022  |p 5661315  |r 2025-01-20  |t 158  |w 2024-05-15  |y BK  |k ILAL 
952 |0 0  |1 0  |2 ddc  |4 0  |6 428_000000000000000_DOFP_2022  |7 0  |8 A  |9 594779  |a BIBALI  |b BIBALI  |d 2024-05-15  |e En comodato  |i 5661316  |o 428 DOFp 2022  |p 5661316  |r 2025-01-20  |t 159  |w 2024-05-15  |y BK  |k ILAL 
952 |0 0  |1 0  |2 ddc  |4 0  |6 428_000000000000000_DOFP_2022  |7 0  |8 A  |9 594780  |a BIBALI  |b BIBALI  |d 2024-05-15  |e En comodato  |i 5661308  |o 428 DOFp 2022  |p 5661308  |r 2025-01-20  |t 151  |w 2024-05-15  |y BK  |k ILAL 
952 |0 0  |1 0  |2 ddc  |4 0  |6 428_000000000000000_DOFP_2022  |7 0  |8 A  |9 594781  |a BIBENE  |b BIBENE  |d 2024-05-16  |e En comodato  |i 5661317  |o 428 DOFp 2022  |p 5661317  |r 2025-01-15  |t 160  |w 2024-05-16  |y BK  |k ILN 
952 |0 0  |1 0  |2 ddc  |4 0  |6 428_000000000000000_DOFP_2022  |7 0  |8 A  |9 594782  |a BIBENE  |b BIBENE  |d 2024-05-16  |e En comodato  |i 5661318  |o 428 DOFp 2022  |p 5661318  |r 2025-01-15  |t 161  |w 2024-05-16  |y BK  |k ILN 
952 |0 0  |1 0  |2 ddc  |4 0  |6 428_000000000000000_DOFP_2022  |7 0  |8 A  |9 594783  |a BIBENE  |b BIBENE  |d 2024-05-16  |e En comodato  |i 5661319  |o 428 DOFp 2022  |p 5661319  |r 2025-01-15  |t 162  |w 2024-05-16  |y BK  |k ILN 
952 |0 0  |1 0  |2 ddc  |4 0  |6 428_000000000000000_DOFP_2022  |7 0  |8 A  |9 594784  |a BIBENE  |b BIBENE  |d 2024-05-16  |e En comodato  |i 5661320  |o 428 DOFp 2022  |p 5661320  |r 2025-01-15  |t 163  |w 2024-05-16  |y BK  |k ILN 
952 |0 0  |1 0  |2 ddc  |4 0  |6 428_000000000000000_DOFP_2022  |7 0  |8 A  |9 594785  |a BIBENE  |b BIBENE  |d 2024-05-16  |e En comodato  |i 5661321  |o 428 DOFp 2022  |p 5661321  |r 2025-01-15  |t 164  |w 2024-05-16  |y BK  |k ILN 
952 |0 0  |1 0  |2 ddc  |4 0  |6 428_000000000000000_DOFP_2022  |7 0  |8 A  |9 594786  |a BIBENE  |b BIBENE  |d 2024-05-16  |e En comodato  |i 5661322  |o 428 DOFp 2022  |p 5661322  |r 2025-01-15  |t 165  |w 2024-05-16  |y BK  |k ILN 
952 |0 0  |1 0  |2 ddc  |4 0  |6 428_000000000000000_DOFP_2022  |7 0  |8 A  |9 594787  |a BIBENE  |b BIBENE  |d 2024-05-16  |e En comodato  |i 5661323  |o 428 DOFp 2022  |p 5661323  |r 2025-01-15  |t 166  |w 2024-05-16  |y BK  |k ILN 
952 |0 0  |1 0  |2 ddc  |4 0  |6 428_000000000000000_DOFP_2022  |7 0  |8 A  |9 594788  |a BIBENE  |b BIBENE  |d 2024-05-16  |e En comodato  |i 5661324  |o 428 DOFp 2022  |p 5661324  |r 2025-01-15  |t 167  |w 2024-05-16  |y BK  |k ILN 
952 |0 0  |1 0  |2 ddc  |4 0  |6 428_000000000000000_DOFP_2022  |7 0  |8 A  |9 594789  |a BIBENE  |b BIBENE  |d 2024-05-16  |e En comodato  |i 5661325  |o 428 DOFp 2022  |p 5661325  |r 2025-01-15  |t 168  |w 2024-05-16  |y BK  |k ILN 
952 |0 0  |1 0  |2 ddc  |4 0  |6 428_000000000000000_DOFP_2022  |7 0  |8 A  |9 594790  |a BIBENE  |b BIBENE  |d 2024-05-16  |e En comodato  |i 5661326  |o 428 DOFp 2022  |p 5661326  |r 2025-01-15  |t 169  |w 2024-05-16  |y BK  |k ILN 
952 |0 0  |1 0  |2 ddc  |4 0  |6 428_000000000000000_DOFP_2022  |7 0  |8 A  |9 594791  |a BIBENE  |b BIBENE  |d 2024-05-16  |e En comodato  |i 5661327  |o 428 DOFp 2022  |p 5661327  |r 2025-01-15  |t 170  |w 2024-05-16  |y BK  |k ILN 
952 |0 0  |1 0  |2 ddc  |4 0  |6 428_000000000000000_DOFP_2022  |7 0  |8 A  |9 594792  |a BIBENE  |b BIBENE  |d 2024-05-16  |e En comodato  |i 5661328  |o 428 DOFp 2022  |p 5661328  |r 2025-01-15  |t 171  |w 2024-05-16  |y BK  |k ILN 
952 |0 0  |1 0  |2 ddc  |4 0  |6 428_000000000000000_DOFP_2022  |7 0  |9 594793  |a FDOILP  |b FDOILP  |d 2024-05-16  |e En comodato  |i 5661329  |o 428 DOFp 2022  |p 5661329  |r 2024-05-16  |t 172  |w 2024-05-16  |y BK  |k ILP 
952 |0 0  |1 0  |2 ddc  |4 0  |6 428_000000000000000_DOFP_2022  |7 0  |9 594794  |a FDOILP  |b FDOILP  |d 2024-05-16  |e En comodato  |i 5661330  |o 428 DOFp 2022  |p 5661330  |r 2024-05-16  |t 173  |w 2024-05-16  |y BK  |k ILP 
952 |0 0  |1 0  |2 ddc  |4 0  |6 428_000000000000000_DOFP_2022  |7 0  |9 594795  |a FDOILP  |b FDOILP  |d 2024-05-16  |e En comodato  |i 5661331  |o 428 DOFp 2022  |p 5661331  |r 2024-05-16  |t 174  |w 2024-05-16  |y BK  |k ILP